| 000 | 01392nam a22003617a 4500 | ||
|---|---|---|---|
| 001 | 000540 | ||
| 003 | DO-SdBNP | ||
| 005 | 20220622102352.0 | ||
| 007 | 000540 | ||
| 008 | 161011b 2013 sp a 00| 0 spa d | ||
| 020 | _a9788475550992 | ||
| 040 |
_aBPMSU _bspa _cBPMSU |
||
| 082 | 4 |
_aR611 _bA159g 2015 _222 |
|
| 100 | 1 |
_aAbrahams, Peter H. _d1919- |
|
| 245 | 1 | 0 |
_aGran atlas McMinn de anatomía humana / _cPeter H. Abrahams, Sandy C. Marks Jr., Ralph Hutchings |
| 246 | _aMcMinn's color atlas of human anatomy. | ||
| 250 | _a | ||
| 260 |
_aBarcelona : _bOceano, _c2013 |
||
| 300 |
_a378 p. : _bil. ; _c29 cm. |
||
| 500 | _aVersión en español de la 5a edición de la obra original en inglés McMinn's colour atlas of human anatomy. | ||
| 500 | _aIncluye índice | ||
| 505 | 0 |
_tRevisión sistémica -- _tCabeza, cuello y encéfalo -- _tColumna vertebral y médula espinal -- _tMiembro superior -- _tTórax -- _tAbdomen y pelvis -- _tMiembros inferior -- _tApéndices |
|
| 534 |
_a Título del original : _tMcMinn's colour atlas of human anatomy. _p |
||
| 590 | _6Inventariado. 2022/VM | ||
| 650 | 4 |
_aAnatomía humana _vAtlas. |
|
| 700 | 1 | 2 | _aMarks, Sandy . C. |
| 700 | 1 |
_a Hutchings, R. T. _x |
|
| 710 | 2 | _aOceano | |
| 910 | _aVMateo/Validado. Control de calidad MFF | ||
| 942 |
_2ddc _cBK |
||
| 945 | _aInventariado / 2017 VM | ||
| 956 |
_2LOPEREZ _310 _620161011 _8BPMSU _a00041 |
||
| 999 |
_c11517 _d11517 |
||